|
|
|
|
| LEADER |
00000nab a2200000Ia 4500 |
| 001 |
vtls010822155 |
| 003 |
SK-MaSNL |
| 005 |
20260304214816.0 |
| 008 |
230121|1975 xo |||||||||||||||||slo| |
| 035 |
|
|
|a (urnnbn)urn:nbn:sk:snk:ar-a0607k
|
| 035 |
|
|
|a urn:nbn:sk:snk-ab5p7c
|
| 035 |
|
|
|a (uuid)97ee259a-f454-437b-935c-691b3813b7dd
|
| 040 |
|
|
|a SNKBUCL
|b slo
|c SNKBUCL
|e AACR2
|
| 041 |
0 |
|
|a slo
|
| 044 |
|
|
|a xo
|c SK
|
| 080 |
|
|
|a 637.146
|2 2001
|
| 080 |
|
|
|a 637.1
|2 2001
|
| 100 |
1 |
|
|a Píš, Emil
|4 aut
|9 268794
|
| 245 |
1 |
0 |
|a KEFÍR - súčasť stravy i liek
|c Emil Píš
|
| 650 |
0 |
7 |
|a mliečne výrobky
|2 SNKPH
|9 3940
|
| 650 |
0 |
7 |
|a fermentované mliečne výrobky
|2 SNKPH
|9 170053
|
| 650 |
0 |
7 |
|a mlieko
|2 SNKPH
|9 3942
|
| 650 |
0 |
7 |
|a terapia
|2 SNKPH
|9 781
|
| 650 |
0 |
7 |
|a kefír
|2 SNKPH
|9 51092
|
| 773 |
0 |
|
|t Výživa a zdravie : časopis pre výživu a zdravý životný štýl
|g Roč. 20, č. 3 (1975), s. 55-56
|
| 954 |
|
|
|a odborná, vedecká literatúra pôvodná (slovenská)
|2 lita
|
| 958 |
|
|
|a OND
|
| 958 |
|
|
|a EUIPO
|
| 958 |
|
|
|a article5
|
| 999 |
|
|
|c 3143365
|d 3145295
|